| 000 | 00967nam a2200277 i 4500 | ||
|---|---|---|---|
| 001 | bg | ||
| 100 | 1 | _aNajduchowska, Halina. | |
| 245 | 1 | 0 |
_aMotywacje wyboru kariery naukowej w Polsce / _cekspertyza przygot. przez Halinę Najduchowską i Andrzeja Strzałeckiego ; kier. ekspertyzy Andrzej Strzałecki ; Komitet Naukoznawstwa PAN. |
| 260 |
_aWarszawa : _bKomitet Naukoznawstwa PAN, _c1994. |
||
| 300 |
_a58 s. : _btabl. ; _c23 cm. |
||
| 504 | _aBibliogr. s. 31-32. | ||
| 650 | 9 |
_aAspiracje zawodowe _zPolska _yod 1989 r. |
|
| 650 | 9 |
_aPracownicy naukowi _xsocjologia _zPolska _yod 1989 r. |
|
| 650 | 9 |
_aStudenci _xsocjologia _zPolska _yod 1989 r. |
|
| 700 | 1 |
_aStrzałecki, Andrzej. _d(1937-). _eKier. |
|
| 710 | 2 |
_aPolska Akademia Nauk. _bKomitet Naukoznawstwa. |
|
| 040 | _cBPK | ||
| 041 | 0 | _apol | |
| 044 | _aPOL | ||
| 080 | _a316.6 | ||
| 080 | _a316.344 | ||
| 080 | _a378 | ||
| 080 | _a(438) | ||
| 942 | _cKS | ||
| 008 | 130116s pl a f |000 0 pol | ||
| 999 |
_c53887 _d53887 |
||
| 856 |
_uhttp://koha.tu.koszalin.pl/cgi-bin/koha/opac-detail.pl?biblionumber=53887 _yKatalog online BPK |
||